home page   АИС "Историко-культурное наследие Беларуси"
  Базовый | Расширенный | Профессиональный | Словарь персоналий | Тематический словарь | По видам объектов История запросов  Заказы    Регистрация

Запись в MARC-формате

копировать MARC-запись

=LDR  00000cx\\c2200217\\\45\\
=001  BY-NLB-ar34894
=005  20160209133927.8
=100  \\$a20001231abely50\\\\\\ca0
=152  \\$apsbo
=160  \\$ae-bw
=215  \\$aТураў, горад (Жыткавіцкі раён)
=300  1\$aУпершыню ўпамінаецца ў "Аповесці мінулых гадоў" пад 980 г. У канцы 1-га тыс. стаў цэнтрам Тураўскага княства. З 1320 -х гадоў у Вялікім Княстве Літоўскім. З 15 ст. – у складзе Трокскага, з 1566 г. – Берасцейскага ваяводстваў. З 1793 г. – у Расійскай імперыі, мястэчка, цэнтр воласці Мазырскага павета. З 1924 г. – цэнтр Тураўскага раёна, з 1938 г. – гарадскі пасёлак Палескай вобласці. З 1954 г. – у Гомельскай вобласці, з 1962 г. – у Жыткавіцкім раёне. З 2004 г. – горад.
=356  \\$aРазмешчаны на рацэ Прыпяць.
=515  \\$5w$3BY-NLB-ar34893$aТуров, город (Житковичский район)
=801  \2$aBY$bBY-HM0000$c20060829
=801  \0$aBY$bBY-HM0000$c20001231
=801  \1$aBY$bBY-HM0000$c20040804
=810  \\$aБеларуская энцыклапедыя. У 18 т. Т. 16. — Мінск, 2003.
=856  4\$uhttp://ate.nca.by/$zБД "Единый реестр административно-территориальных и территориальных единиц Республики Беларусь".$zДаныя паводле стану на 01.12.2006.
=999  \\$g40$t20060829
=999  \\$t20061201$k2786

Чтобы вернуться назад, щелкните кнопку BACK на Вашем браузере